| 000 | 00935nam0a22002651 4500 | ||
|---|---|---|---|
| 001 | rc\4568882 | ||
| 005 | 20130416185758.7 | ||
| 021 |
_aRU _b[64-58605] |
||
| 035 | _a(NLR Aleph) 008373298 | ||
| 090 |
_a9071583 _c9071583 |
||
| 100 | _a20130416d1964 |||y0rusy50 ca | ||
| 101 | 0 | _arus | |
| 102 | _aRU | ||
| 105 | _aa z |||a| | ||
| 200 | 1 |
_aЗеница ока _e[Стихи _eПереводы |
|
| 210 |
_aНальчик _cКабард.-Балкар. кн. изд-во _d1964] |
||
| 215 |
_a151 с. _cил. _d14 |
||
| 327 | 0 | _aЦиклы: Родина и мир; Приметы любви; Продолжается жизнь... | |
| 464 | 0 | _12001#$aРодина и мир$aПриметы любви$aПродолжается жизнь... | |
| 700 | 1 |
_aМакитов _bС. И. _f1917- _gСафар Исхакович |
|
| 801 | 0 |
_aRU _bNLR _gpsbo |
|
| 801 | 1 |
_aRU _bELAR _2rusmarc |
|
| 852 |
_aNLR _j64-1/793 |
||
| 942 | _cBOOK | ||
| 980 | _aNB | ||